[Event "HEM"]
[Site "?"]
[Date "1995.??.??"]
[Round "?.5"]
[White "Wendt, J."]
[Black "Maahs, E."]
[Result "0-1"]
[WhiteElo "2230"]
[BlackElo "2235"]
[PlyCount "118"]
[EventDate "1995.??.??"]

1. Nf3 Nc6 2. c4 e5 3. Nc3 f5 4. d4 e4 5. Ng5 h6 6. Nh3 g5 7. Ng1 Bg7 8. e3 Nf6
9. h4 g4 10. Nge2 Nh5 11. Nd5 d6 12. Nef4 Nxf4 13. Nxf4 O-O 14. Bd2 Qe8 15. Bc3
Nd8 16. Qb3 Kh7 17. h5 Ne6 18. Ng6 Rf7 19. d5 Bxc3+ 20. Qxc3 Ng7 21. Nf4 b6 22.
O-O-O Qe5 23. Kc2 Bd7 24. Be2 Re8 25. Rd4 a5 26. b3 Qf6 27. Rdd1 Rg8 28. Qxf6
Rxf6 29. Kc3 Rff8 30. a3 Ra8 31. Ra1 Be8 32. b4 Bf7 33. Kd4 Ra7 34. c5 axb4 35.
axb4 bxc5+ 36. bxc5 Rga8 37. Rxa7 Rxa7 38. c6 Ne8 39. Bc4 Kg7 40. Rb1 Kf6 41.
Rb8 Ra1 42. Rc8 Rd1+ 43. Kc3 Rc1+ 44. Kb3 Ke5 45. Ne6 g3 46. fxg3 Re1 47. Nxc7
Rxe3+ 48. Kb4 Nxc7 49. Rxc7 Bxd5 50. Re7+ Kf6 51. c7 Bb7 52. Re8 Re1 53. Rb8
Rb1+ 54. Kc3 Rc1+ 55. Kb3 d5 56. Rxb7 Rxc4 57. Rb6+ Ke5 58. Rxh6 Rxc7 59. Rg6
e3 0-1

[Event "HEM"]
[Site "?"]
[Date "1995.??.??"]
[Round "?.5"]
[White "Hochgraefe, M."]
[Black "Hegeler, F."]
[Result "1/2-1/2"]
[WhiteElo "2290"]
[BlackElo "2225"]
[PlyCount "112"]
[EventDate "1995.??.??"]

1. c4 c5 2. Nc3 Nc6 3. Nf3 g6 4. e3 Nf6 5. d4 cxd4 6. exd4 d5 7. cxd5 Nxd5 8.
Qb3 Nxc3 9. Bc4 Nd5 10. Bxd5 e6 11. Bxc6+ bxc6 12. O-O Ba6 13. Bg5 Qb6 14. Rfc1
Qxb3 15. axb3 Bb5 16. Bf6 Rg8 17. Ne5 Be7 18. Bxe7 Kxe7 19. Nxc6+ Bxc6 20. Rxc6
Rgd8 21. Rc4 a5 22. Kf1 Rab8 23. Rxa5 Rxb3 24. Rc7+ Rd7 25. Raa7 Rxc7 26. Rxc7+
Kd8 27. Rc2 Rd3 28. Ke2 Rxd4 29. b3 Rb4 30. Rc3 Ke7 31. Kd2 e5 32. Rh3 h5 33.
Kc3 Rf4 34. Rf3 Rg4 35. g3 f5 36. b4 h4 37. Rd3 hxg3 38. hxg3 f4 39. gxf4 Rxf4
40. f3 e4 41. fxe4 Rxe4 42. b5 Re1 43. Kc4 Rb1 44. Kc5 Ke6 45. b6 Rc1+ 46. Kb5
Rb1+ 47. Kc6 Rc1+ 48. Kb7 Rb1 49. Kc7 Rc1+ 50. Kb8 Rb1 51. b7 Kf5 52. Rd6 g5
53. Kc7 Rxb7+ 54. Kxb7 g4 55. Kc6 g3 56. Rd8 Ke4 1/2-1/2

[Event "HEM"]
[Site "?"]
[Date "1995.??.??"]
[Round "?.5"]
[White "Schulz, H.J."]
[Black "Groeppel, P."]
[Result "0-1"]
[WhiteElo "2245"]
[BlackElo "2115"]
[PlyCount "114"]
[EventDate "1995.??.??"]

1. e4 c5 2. b4 cxb4 3. Bb2 e6 4. Nf3 Nc6 5. a3 bxa3 6. Nxa3 Nf6 7. e5 Nd5 8. c4
Nc7 9. Nc2 d5 10. exd6 Qxd6 11. Ba3 Qf4 12. Bxf8 Kxf8 13. d4 g5 14. h3 Kg7 15.
Ne3 Rd8 16. g3 Qf6 17. Ng4 Qe7 18. Ra2 Nxd4 19. Bd3 Qb4+ 20. Kf1 Qb3 21. Kg2
Qxd1 22. Rxd1 Nxf3 23. Kxf3 Bd7 24. Rad2 Bc6+ 25. Ke3 f6 26. f4 h5 27. Nf2 Na6
28. fxg5 fxg5 29. Be4 Rxd2 30. Rxd2 Nb4 31. Bxc6 bxc6 32. Ne4 a5 33. Rd7+ Kg6
34. Rb7 Nc2+ 35. Kd3 Nb4+ 36. Kc3 Rd8 37. Nc5 Rf8 38. Ne4 Rf3+ 39. Kd4 Nd3 40.
c5 e5+ 41. Kc4 a4 42. Rb6 Kf5 43. Nd6+ Ke6 44. Ne4 Kd7 45. Rb7+ Kc8 46. Nd6+
Kd8 47. Rb8+ Kd7 48. Rb7+ Ke6 49. Ne4 Re3 50. Nxg5+ Kf5 51. Nf7 Rxg3 52. Nd6+
Ke6 53. h4 Rh3 54. Rc7 Nb2+ 55. Kb4 Rb3+ 56. Ka5 a3 57. Rxc6 Kd5 0-1

[Event "HEM"]
[Site "?"]
[Date "1995.??.??"]
[Round "?.5"]
[White "Guzman, E."]
[Black "Rostalski, W."]
[Result "1-0"]
[WhiteElo "2280"]
[BlackElo "2275"]
[PlyCount "81"]
[EventDate "1995.??.??"]

1. d4 Nf6 2. c4 g6 3. Nc3 Bg7 4. e4 d6 5. f3 O-O 6. Be3 e5 7. d5 Nh5 8. Qd2 f5
9. Bd3 f4 10. Bf2 Bf6 11. O-O-O Bh4 12. c5 Bxf2 13. Qxf2 Nd7 14. cxd6 cxd6 15.
Kb1 Nc5 16. Nge2 Nxd3 17. Rxd3 Bd7 18. Rc1 b5 19. Nd1 b4 20. b3 Nf6 21. Nb2 Bb5
22. Rd2 a5 23. Rcc2 Nd7 24. Nc1 Nb6 25. Ncd3 Ra6 26. Rc1 Qd7 27. Rdc2 Na8 28.
g3 fxg3 29. hxg3 Qe7 30. Qe3 Bd7 31. f4 exf4 32. gxf4 Nb6 33. Qd4 Qf7 34. Rc7
Rc8 35. Rb7 Rxc1+ 36. Kxc1 Nc8 37. e5 Qe8 38. e6 Nb6 39. Rxb6 Ra8 40. Rb7 Rc8+
41. Nc4 1-0

[Event "HEM"]
[Site "?"]
[Date "1995.??.??"]
[Round "?.5"]
[White "Beyer, H.J."]
[Black "Zieher, H."]
[Result "1/2-1/2"]
[WhiteElo "2185"]
[BlackElo "2230"]
[PlyCount "74"]
[EventDate "1995.??.??"]

1. d4 c5 2. e3 b6 3. f4 Bb7 4. Nf3 Nf6 5. Be2 d6 6. O-O Nbd7 7. c4 e6 8. b3 Be7
9. h3 O-O 10. Bb2 a6 11. Nbd2 cxd4 12. exd4 Nh5 13. Nh2 Ng3 14. Re1 Nxe2+ 15.
Qxe2 Re8 16. Nhf3 d5 17. Ne5 Bf8 18. Rac1 Rc8 19. Nxd7 Qxd7 20. Nf3 dxc4 21.
Ne5 Qd6 22. bxc4 a5 23. Rc2 Ba6 24. Rec1 f6 25. Nd3 Qd7 26. Nf2 Qa4 27. Qd3
Qxa2 28. Ra1 Bxc4 29. Rxa2 Bxd3 30. Rxc8 Rxc8 31. Nxd3 Rc2 32. Ne1 Rd2 33. Nf3
Rc2 34. Ne1 Rd2 35. Nf3 Rc2 36. Ne1 Rd2 37. Nf3 Rc2 1/2-1/2

[Event "HEM"]
[Site "?"]
[Date "1995.??.??"]
[Round "?.6"]
[White "Voigt, M."]
[Black "Sack, B.W."]
[Result "1-0"]
[WhiteElo "2260"]
[BlackElo "2185"]
[PlyCount "57"]
[EventDate "1995.??.??"]

1. e4 e6 2. d4 d5 3. Nc3 Nf6 4. e5 Nfd7 5. f4 c5 6. Nf3 Nc6 7. Be3 a6 8. Qd2 b5
9. h4 Bb7 10. h5 cxd4 11. Nxd4 Nc5 12. Qf2 b4 13. Nxc6 Bxc6 14. Bxc5 bxc3 15.
bxc3 Qa5 16. Bd4 Rb8 17. Bd3 Rb2 18. O-O Rxa2 19. Rab1 Bb5 20. Bxb5+ axb5 21.
f5 Qa6 22. fxe6 Qxe6 23. Rxb5 Ra8 24. Rb7 Rc8 25. Qxf7+ Qxf7 26. Rfxf7 Rg8 27.
e6 g6 28. Rxh7 gxh5 29. e7 1-0

[Event "HEM"]
[Site "?"]
[Date "1995.??.??"]
[Round "?.6"]
[White "Kunsztowicz, U."]
[Black "von Buelow, G."]
[Result "1-0"]
[WhiteElo "2315"]
[BlackElo "2285"]
[PlyCount "53"]
[EventDate "1995.??.??"]

1. d4 Nf6 2. g3 g6 3. c4 Bg7 4. Bg2 c6 5. Nc3 O-O 6. e4 d6 7. Nge2 e5 8. O-O
Nbd7 9. h3 Re8 10. d5 c5 11. Be3 Rf8 12. Nc1 Ne8 13. Nd3 f5 14. f4 Qe7 15. Qd2
exf4 16. Bxf4 Ne5 17. Nxe5 Bxe5 18. Rae1 Bd7 19. exf5 Rxf5 20. Bxe5 Rxe5 21.
Rxe5 Qxe5 22. Qf2 Qe7 23. g4 Rb8 24. Re1 Qf7 25. Qh4 Qf4 26. Re7 Nf6 27. Ne2
1-0

[Event "HEM"]
[Site "?"]
[Date "1995.??.??"]
[Round "?.6"]
[White "Ritscher, J.P."]
[Black "Pajeken, W."]
[Result "0-1"]
[WhiteElo "2300"]
[BlackElo "2230"]
[PlyCount "118"]
[EventDate "1995.??.??"]

1. e4 c5 2. Nf3 Nc6 3. d4 cxd4 4. Nxd4 Nf6 5. Nc3 e5 6. Ndb5 d6 7. Nd5 Nxd5 8.
exd5 Nb8 9. c4 a6 10. Nc3 f5 11. f4 Nd7 12. Be2 Be7 13. O-O O-O 14. Kh1 Kh8 15.
a3 g5 16. fxe5 Nxe5 17. Be3 Bd7 18. Bd4 Bf6 19. b4 Qe7 20. Qd2 Qg7 21. c5 dxc5
22. Bxc5 Rfe8 23. Rad1 Nf7 24. Bd4 Bxd4 25. Qxd4 Qxd4 26. Rxd4 Nd6 27. Bd1 Re3
28. Na4 Bb5 29. Rg1 Rxa3 30. Nc5 Ra1 31. h3 Re8 32. Ne6 h6 33. Nc7 Re4 34. Nxb5
axb5 35. Rxe4 fxe4 36. Bc2 Rxg1+ 37. Kxg1 Kg7 38. Kf2 Kf6 39. Kg3 Nf5+ 40. Kf2
Ke5 41. Bb3 Nd4 42. Ba2 Nc2 43. d6 Kxd6 44. Bb1 Nxb4 45. Bxe4 Nd5 46. Ke1 Ke5
47. Bf3 Kd4 48. Kd2 b4 49. Kc1 b6 50. Kb2 Nf4 51. Kb3 Kc5 52. Bb7 Ne6 53. Kb2
Kd4 54. g3 Nc5 55. Bc6 Kc4 56. h4 Nd3+ 57. Kb1 Kc3 58. hxg5 hxg5 59. Be8 b3 0-1

[Event "HEM"]
[Site "?"]
[Date "1995.??.??"]
[Round "?.6"]
[White "Michna, C."]
[Black "Nogly, C."]
[Result "1-0"]
[WhiteElo "2255"]
[BlackElo "2230"]
[PlyCount "83"]
[EventDate "1995.??.??"]

1. e4 e5 2. Bc4 Nf6 3. d3 Nc6 4. Nf3 Bc5 5. O-O d6 6. c3 a6 7. h3 h6 8. Re1 O-O
9. Nbd2 Be6 10. b4 Ba7 11. Nf1 Ne7 12. Qb3 Qd7 13. Bxe6 fxe6 14. d4 Ng6 15.
dxe5 dxe5 16. Ng3 Qc6 17. Bb2 Rad8 18. Rad1 b5 19. Bc1 Rxd1 20. Rxd1 Nxe4 21.
Nxe4 Qxe4 22. Qxe6+ Kh7 23. Re1 Qc2 24. Be3 Qxc3 25. Rc1 Qb2 26. Qb3 Qxb3 27.
axb3 Bxe3 28. fxe3 Rd8 29. Rc3 Rd1+ 30. Kh2 e4 31. Nd4 Rd3 32. Rxc7 Rxe3 33.
Nf5 Rxb3 34. Rxg7+ Kh8 35. Rxg6 h5 36. Rxa6 e3 37. Re6 Rxb4 38. Rxe3 Rf4 39.
Ng3 h4 40. Ne2 Rc4 41. Rb3 b4 42. Rb1 1-0

[Event "HEM"]
[Site "?"]
[Date "1995.??.??"]
[Round "?.6"]
[White "Maahs, E."]
[Black "Dankert, P."]
[Result "1/2-1/2"]
[WhiteElo "2235"]
[BlackElo "2275"]
[PlyCount "120"]
[EventDate "1995.??.??"]

1. e4 c5 2. Nc3 e6 3. f4 d6 4. Nf3 Nc6 5. Bb5 Nge7 6. O-O g6 7. d4 a6 8. Bxc6+
Nxc6 9. d5 Ne7 10. e5 Bg7 11. exd6 Qxd6 12. dxe6 Qxd1 13. exf7+ Kxf7 14. Ng5+
Kg8 15. Nxd1 h6 16. Nf3 Nc6 17. c3 Be6 18. Be3 b6 19. Nf2 Kh7 20. Nd3 Bc4 21.
Rfd1 Rad8 22. Nfe5 Nxe5 23. Nxe5 Be6 24. b4 cxb4 25. cxb4 b5 26. Rac1 Bxa2 27.
Rxd8 Rxd8 28. Ra1 Bb3 29. Rxa6 g5 30. g3 Rd1+ 31. Kf2 Rh1 32. Ng4 h5 33. Nf6+
Bxf6 34. Rxf6 gxf4 35. Bxf4 Rxh2+ 36. Kg1 Rc2 37. Rh6+ Kg7 38. Rxh5 Bc4 39. Be3
Kg6 40. g4 Re2 41. Rg5+ Kf6 42. Rf5+ Kg6 43. Re5 Kf6 44. Re8 Be6 45. Bd4+ Kf7
46. Rb8 Re4 47. Rb7+ Kg8 48. Bc5 Rxg4+ 49. Kf2 Bc4 50. Ke3 Rg7 51. Rb8+ Kf7 52.
Kf4 Rg2 53. Rd8 Re2 54. Rd7+ Kf6 55. Rd6+ Re6 56. Rd7 Re2 57. Be3 Ke6 58. Rb7
Re1 59. Rb6+ Kd7 60. Ke4 Kc7 1/2-1/2

[Event "HEM"]
[Site "?"]
[Date "1995.??.??"]
[Round "?.6"]
[White "Schulze, S."]
[Black "Meyer, F."]
[Result "1/2-1/2"]
[WhiteElo "2295"]
[BlackElo "2165"]
[PlyCount "106"]
[EventDate "1995.??.??"]

1. c4 e5 2. Nc3 Nf6 3. g3 d5 4. cxd5 Nxd5 5. Bg2 Nb6 6. Nf3 Nc6 7. d3 Be7 8.
Be3 O-O 9. O-O Be6 10. Ne4 Nd5 11. Bc5 f6 12. Rc1 b6 13. Bxe7 Ncxe7 14. d4 exd4
15. Nxd4 Bf7 16. Nb5 c6 17. Nbc3 Nxc3 18. Nxc3 Qxd1 19. Rfxd1 Rfd8 20. Kf1 Kf8
21. b4 Rac8 22. Ke1 Be6 23. Rxd8+ Rxd8 24. Rd1 Ke8 25. Rxd8+ Kxd8 26. Kd2 Kc7
27. a3 Nc8 28. e4 Nd6 29. Bf1 Bc4 30. Bd3 b5 31. f4 Bxd3 32. Kxd3 Nc4 33. Nb1
Kd6 34. Kd4 a5 35. bxa5 c5+ 36. Kc3 Nxa5 37. Nd2 Nc6 38. Nf3 h6 39. Kd3 Ke6 40.
Ke3 g5 41. h3 Ne7 42. Ne1 Kd6 43. Nf3 Nc6 44. Kd3 gxf4 45. gxf4 c4+ 46. Kc3 Kc5
47. Kd2 Nd4 48. Ng1 h5 49. Kc3 h4 50. Kd2 b4 51. axb4+ Kxb4 52. Ke3 Kc5 53. Kd2
Kb4 1/2-1/2

[Event "HEM"]
[Site "?"]
[Date "1995.??.??"]
[Round "?.6"]
[White "Groeppel, P."]
[Black "Guzman, E."]
[Result "0-1"]
[WhiteElo "2115"]
[BlackElo "2280"]
[PlyCount "40"]
[EventDate "1995.??.??"]

1. d4 Nf6 2. c4 e6 3. Nc3 Bb4 4. e3 O-O 5. Nge2 d5 6. a3 Be7 7. cxd5 Nxd5 8. e4
Nxc3 9. Nxc3 c5 10. d5 exd5 11. exd5 Bd6 12. Be2 Bf5 13. O-O Nd7 14. Bf3 Qf6
15. g3 Be5 16. Bg4 Nb6 17. Bxf5 Qxf5 18. Be3 Bxc3 19. bxc3 Nxd5 20. Bxc5 Nxc3
0-1

[Event "HEM"]
[Site "?"]
[Date "1995.??.??"]
[Round "?.6"]
[White "Hochgraefe, M."]
[Black "Putzbach, G."]
[Result "0-1"]
[WhiteElo "2290"]
[BlackElo "2260"]
[PlyCount "114"]
[EventDate "1995.??.??"]

1. c4 e5 2. Nc3 Nc6 3. Nf3 g6 4. d4 exd4 5. Nxd4 Bg7 6. Nxc6 bxc6 7. g3 Qe7 8.
Qa4 a5 9. a3 Bxc3+ 10. bxc3 Qe5 11. Bd2 Nf6 12. Rc1 Ne4 13. Bf4 Qf6 14. Be3 O-O
15. Bg2 Qe7 16. O-O Nc5 17. Bxc5 Qxc5 18. Rb1 Re8 19. e3 Qe5 20. Rb3 Qd6 21.
Rbb1 Re5 22. Rfd1 Qe7 23. Rb3 Ba6 24. Bf1 Re8 25. Rdb1 Rc5 26. Rb8 Kg7 27. Qd1
Re5 28. Qd4 c5 29. Qd1 Rf5 30. Bd3 Rxb8 31. Rxb8 Qd6 32. Qc2 Rf6 33. Bf1 Qe5
34. Rb1 d6 35. Qd3 Bc8 36. Rb5 Bf5 37. Qd2 a4 38. Bd3 Bg4 39. Rb2 Bf3 40. Rc2
Bc6 41. Rb2 Rf3 42. Bf1 Rf5 43. Qd3 Be4 44. Qd2 Rh5 45. f4 Qe6 46. Be2 Rh6 47.
Qd1 Ba8 48. Qd3 Qe8 49. Bf1 Be4 50. Qd1 f6 51. Be2 Ba8 52. Qd3 g5 53. Bd1 gxf4
54. gxf4 Be4 55. Qe2 Rg6+ 56. Kf1 Qe6 57. Ke1 Rg1+ 0-1

[Event "HEM"]
[Site "?"]
[Date "1995.??.??"]
[Round "?.6"]
[White "Hegeler, F."]
[Black "Wendt, J."]
[Result "1-0"]
[WhiteElo "2225"]
[BlackElo "2230"]
[PlyCount "79"]
[EventDate "1995.??.??"]

1. d4 Nf6 2. Nf3 g6 3. c4 Bg7 4. g3 O-O 5. Bg2 d5 6. cxd5 Nxd5 7. O-O Nb6 8.
Nc3 Nc6 9. d5 Na5 10. Qc2 c6 11. dxc6 Nxc6 12. Rd1 Bf5 13. e4 Bd7 14. Bf4 Rc8
15. Qe2 Qe8 16. Nd5 Nxd5 17. exd5 Nb4 18. Qd2 a5 19. a3 Rc2 20. Qe3 Na6 21. Bh6
Qd8 22. Bxg7 Kxg7 23. Nd4 Rc8 24. Ne6+ fxe6 25. dxe6 Rc7 26. exd7 Rxd7 27. Qe5+
Rf6 28. Rxd7 Qxd7 29. Re1 Kf8 30. Qxa5 Qd4 31. Re3 Nc5 32. Qc3 Qd1+ 33. Re1 Qd6
34. b4 Ne6 35. Bxb7 Qb6 36. Bf3 Nd4 37. Re3 Kg8 38. Bd5+ e6 39. Be4 Kg7 40. Kg2
1-0

[Event "HEM"]
[Site "?"]
[Date "1995.??.??"]
[Round "?.6"]
[White "Zieher, H."]
[Black "Schulz, H.J."]
[Result "1-0"]
[WhiteElo "2230"]
[BlackElo "2245"]
[PlyCount "53"]
[EventDate "1995.??.??"]

1. e4 e5 2. Nf3 d5 3. exd5 e4 4. Qe2 Qe7 5. Nd4 Qe5 6. Nb5 Na6 7. N1c3 Nf6 8.
d4 Qf5 9. f3 Bb4 10. Bd2 O-O 11. fxe4 Qg6 12. Qe3 c6 13. dxc6 bxc6 14. Na3 Nc7
15. Nc4 c5 16. Bd3 Ng4 17. Qg1 cxd4 18. Qxd4 Re8 19. O-O-O Rb8 20. e5 Qa6 21.
Nd6 Qa5 22. Nxc8 Ba3 23. Na4 Qxa4 24. Qxa4 Bxb2+ 25. Kb1 Bxe5+ 26. Bb4 Nd5 27.
Qxe8# 1-0

[Event "HEM"]
[Site "?"]
[Date "1995.??.??"]
[Round "?.6"]
[White "Menk, R."]
[Black "Beyer, H.J."]
[Result "0-1"]
[WhiteElo "2305"]
[BlackElo "2185"]
[PlyCount "82"]
[EventDate "1995.??.??"]

1. Nf3 d5 2. g3 e6 3. Bg2 Bd6 4. O-O f5 5. d3 Nf6 6. b3 O-O 7. Bb2 Qe7 8. Nbd2
e5 9. e4 fxe4 10. dxe4 d4 11. Nh4 g6 12. Nc4 Bc5 13. Bc1 Nc6 14. Bh6 Rf7 15. h3
Be6 16. Nb2 Qd7 17. Kh2 Bf8 18. Bd2 Nh5 19. Nd3 Be7 20. Nf3 Qd6 21. Ng5 Bxg5
22. Bxg5 Nb4 23. Ne1 c5 24. a3 Nc6 25. c4 Rb8 26. a4 b6 27. Nd3 Nb4 28. Bf3
Nxd3 29. Qxd3 Rbf8 30. Bxh5 gxh5 31. f4 h4 32. f5 Bxf5 33. Rxf5 Rxf5 34. exf5
e4 35. Bf4 Qxf4 36. gxf4 exd3 37. Rg1+ Kf7 38. Rd1 Kf6 39. Rxd3 Kxf5 40. Kg2
Ke4 41. Rd1 Rxf4 0-1

[Event "HEM"]
[Site "?"]
[Date "1995.??.??"]
[Round "?.7"]
[White "Joecks, C."]
[Black "Kunsztowicz, U."]
[Result "0-1"]
[WhiteElo "2370"]
[BlackElo "2315"]
[PlyCount "102"]
[EventDate "1995.??.??"]

1. e4 g6 2. d4 Bg7 3. Nf3 c5 4. Nc3 cxd4 5. Nxd4 Nc6 6. Be3 Nf6 7. Be2 O-O 8.
O-O d6 9. h3 Bd7 10. Qd2 Nxd4 11. Bxd4 Bc6 12. Bf3 Qc7 13. Nd5 Bxd5 14. exd5
Nd7 15. c3 Bxd4 16. Qxd4 Qc5 17. Qf4 Ne5 18. Rad1 b5 19. Rd4 f5 20. Re1 a5 21.
a3 Ra7 22. Be2 Rb7 23. Bf1 Rfb8 24. Qh4 b4 25. axb4 axb4 26. cxb4 Rxb4 27. Rxb4
Qxb4 28. Qxe7 Rb7 29. Qe6+ Nf7 30. Qc8+ Kg7 31. Qc3+ Qxc3 32. bxc3 Rc7 33. c4
f4 34. Re6 Rd7 35. h4 Nd8 36. Re4 Rf7 37. Kh2 Nb7 38. Re6 Rd7 39. Kh3 Nc5 40.
Re1 Rf7 41. Kg4 h6 42. Rd1 Nd7 43. Kf3 g5 44. hxg5 hxg5 45. Ke4 Nc5+ 46. Kd4
Rb7 47. Re1 Rb2 48. f3 Kf7 49. Be2 Ra2 50. Bd1 Ra3 51. Re2 Rd3# 0-1

[Event "HEM"]
[Site "?"]
[Date "1995.??.??"]
[Round "?.7"]
[White "Pajeken, W."]
[Black "Michna, C."]
[Result "0-1"]
[WhiteElo "2230"]
[BlackElo "2255"]
[PlyCount "152"]
[EventDate "1995.??.??"]

1. Nf3 Nf6 2. b3 g6 3. Bb2 Bg7 4. e3 O-O 5. Be2 d6 6. d4 c5 7. O-O b6 8. c4 Bb7
9. Nc3 Nbd7 10. Qc2 a6 11. Rfd1 Qc7 12. Rd2 cxd4 13. Nxd4 Rac8 14. Rad1 Nc5 15.
Bf3 e5 16. Bxb7 exd4 17. exd4 Nxb7 18. Qd3 Rfe8 19. Qf3 Qc6 20. d5 Qc7 21. Rd4
Qe7 22. h3 Nd7 23. Re4 Ne5 24. Qe2 f5 25. Red4 Nf7 26. Qd2 Qg5 27. f4 Qe7 28.
Rd3 Nc5 29. Rf3 Qf8 30. Qf2 Rb8 31. g4 fxg4 32. hxg4 Ne4 33. Nxe4 Rxe4 34. Bd4
Bxd4 35. Rxd4 Rxd4 36. Qxd4 Qc8 37. g5 Qc5 38. Qxc5 bxc5 39. Re3 Kf8 40. Rh3
Re8 41. Rxh7 Re4 42. Rh4 Kg7 43. Rg4 Ne5 44. Rg2 Rxf4 45. Rf2 Rxf2 46. Kxf2
Nd3+ 47. Ke3 Nc1 48. Kd2 Nxa2 49. Kc2 Kf7 50. Kb2 Nb4 51. Ka3 Ke7 52. Ka4 Kd7
53. Ka5 Kc7 54. Ka4 Nc2 55. Ka5 Kb7 56. Ka4 Kb6 57. b4 Nxb4 58. Kb3 Nd3 59. Kc3
Ne5 60. Kb3 Nf7 61. Kc3 Nxg5 62. Kd3 a5 63. Ke3 a4 64. Kd3 Nf7 65. Kc3 g5 66.
Kb2 g4 67. Ka3 Ka5 68. Kb2 g3 69. Kc3 g2 70. Kd3 g1=Q 71. Ke4 Qg4+ 72. Kd3 Qf3+
73. Kc2 Kb4 74. Kb2 Qe2+ 75. Kb1 Kb3 76. Ka1 Qf1# 0-1

[Event "HEM"]
[Site "?"]
[Date "1995.??.??"]
[Round "?.7"]
[White "von Buelow, G."]
[Black "Maahs, E."]
[Result "0-1"]
[WhiteElo "2285"]
[BlackElo "2235"]
[PlyCount "108"]
[EventDate "1995.??.??"]

1. e4 d5 2. exd5 Nf6 3. d4 Nxd5 4. Nf3 Bg4 5. c4 Nb6 6. c5 N6d7 7. Bc4 e6 8. h3
Bxf3 9. Qxf3 Nc6 10. Be3 Qf6 11. Qxf6 gxf6 12. Nc3 Nb4 13. O-O-O c6 14. a3 Nd5
15. Nxd5 cxd5 16. Bb5 h5 17. Rd3 Bh6 18. Bxh6 Rxh6 19. Rb3 Rb8 20. Kd2 Kd8 21.
Rc1 Rh8 22. Rg3 Kc7 23. h4 Rbg8 24. c6 Nb6 25. cxb7+ Kxb7 26. Rcc3 Rg4 27. Rxg4
hxg4 28. g3 f5 29. Ke3 Nc8 30. Be2 Nd6 31. f3 gxf3 32. Bxf3 f6 33. Kf4 Nb5 34.
Rd3 Kc6 35. Ke3 Nd6 36. Rc3+ Kd7 37. b3 Rg8 38. Kf2 Nb5 39. Rc5 Nxd4 40. Ra5
Nxb3 41. Rxa7+ Kd6 42. h5 Rh8 43. Rg7 Nd2 44. Be2 Ne4+ 45. Ke1 Nc3 46. Bf3 e5
47. Rg6 e4 48. Be2 Nxe2 49. Kxe2 Rxh5 50. Rxf6+ Ke5 51. Rf8 Rh2+ 52. Kf1 Ra2
53. Ra8 e3 54. Ra4 d4 0-1

[Event "HEM"]
[Site "?"]
[Date "1995.??.??"]
[Round "?.7"]
[White "Sack, B.W."]
[Black "Mach, H."]
[Result "1/2-1/2"]
[WhiteElo "2185"]
[BlackElo "2290"]
[PlyCount "102"]
[EventDate "1995.??.??"]

1. Nf3 d5 2. d4 Nf6 3. g3 Bf5 4. Bg2 e6 5. O-O h6 6. c4 c6 7. b3 Be7 8. Bb2 O-O
9. Nc3 Nbd7 10. h3 Qb8 11. Nd2 Rd8 12. e4 dxe4 13. Ndxe4 Nc5 14. Nxc5 Bxc5 15.
Na4 Bxd4 16. Bxd4 e5 17. Qf3 Be4 18. Bxe5 Qxe5 19. Rae1 Re8 20. Qc3 Qc7 21. Nc5
Bxg2 22. Kxg2 b6 23. Na4 Ne4 24. Qc2 Ng5 25. h4 Ne6 26. Nc3 Re7 27. Re3 Rae8
28. Rfe1 Qd6 29. Qe2 Kf8 30. Qg4 Qd4 31. Qe2 Qxc3 32. Rxc3 Nf4+ 33. gxf4 Rxe2
34. Rxe2 Rxe2 35. a4 Ke7 36. c5 Kd7 37. cxb6 axb6 38. Rg3 g6 39. f5 gxf5 40.
Rg7 Ke7 41. Rh7 Re6 42. Rh8 c5 43. Kf3 Rd6 44. Ke3 f4+ 45. Kxf4 Rd4+ 46. Kg3
Rb4 47. Rxh6 Rxb3+ 48. f3 c4 49. Rc6 Rb4 50. h5 Rxa4 51. Rxb6 Kf8 1/2-1/2

[Event "HEM"]
[Site "?"]
[Date "1995.??.??"]
[Round "?.7"]
[White "Dankert, P."]
[Black "Ritscher, J.P."]
[Result "0-1"]
[WhiteElo "2275"]
[BlackElo "2300"]
[PlyCount "60"]
[EventDate "1995.??.??"]

1. d4 d5 2. c4 e6 3. Nf3 c6 4. Qc2 f5 5. g3 Nf6 6. Bg2 Bd6 7. O-O O-O 8. b3 Ne4
9. Bb2 Nd7 10. e3 Qf6 11. Nbd2 g5 12. Ne1 Qh6 13. Nd3 g4 14. Nf4 Ndf6 15. f3
Ng5 16. Rae1 Bd7 17. c5 Bc7 18. Nd3 gxf3 19. Nxf3 Be8 20. Nfe5 Bg6 21. Nf4 Rac8
22. b4 Nf7 23. Nfd3 Nxe5 24. dxe5 Ng4 25. h3 Nxe3 26. Qd2 f4 27. Rxf4 Nc4 28.
Rxf8+ Qxf8 29. Qg5 Qf5 30. Qh4 Qxd3 0-1

[Event "HEM"]
[Site "?"]
[Date "1995.??.??"]
[Round "?.7"]
[White "Guzman, E."]
[Black "Schulze, S."]
[Result "1/2-1/2"]
[WhiteElo "2280"]
[BlackElo "2165"]
[PlyCount "69"]
[EventDate "1995.??.??"]

1. d4 Nf6 2. c4 c5 3. d5 e6 4. Nc3 exd5 5. cxd5 d6 6. e4 g6 7. f4 Bg7 8. Bb5+
Nfd7 9. a4 O-O 10. Nf3 Na6 11. O-O Nc7 12. Be2 a6 13. Qc2 Re8 14. Bd2 Rb8 15.
a5 b5 16. axb6 Rxb6 17. Be1 Nb5 18. Nxb5 axb5 19. Ba5 Qc7 20. Bxb5 Qb8 21. Bxb6
Qxb6 22. Bxd7 Bxd7 23. Rab1 Qb4 24. Rfe1 Rb8 25. h3 Bh6 26. f5 gxf5 27. e5 Qf4
28. e6 fxe6 29. dxe6 Bc6 30. e7 Re8 31. Qb3+ d5 32. Qc3 Bg7 33. Qd2 Qg3 34. Qg5
Qxg5 35. Nxg5 1/2-1/2

[Event "HEM"]
[Site "?"]
[Date "1995.??.??"]
[Round "?.7"]
[White "Putzbach, G."]
[Black "Hegeler, F."]
[Result "0-1"]
[WhiteElo "2260"]
[BlackElo "2225"]
[PlyCount "74"]
[EventDate "1995.??.??"]

1. e4 c5 2. Nf3 Nc6 3. d4 cxd4 4. Nxd4 Qc7 5. Nc3 e6 6. g3 a6 7. Bg2 Nf6 8.
Nde2 b5 9. Bf4 Ne5 10. Bxe5 Qxe5 11. f4 Qc7 12. Qd3 Bb7 13. a3 Bc5 14. Bf3 O-O
15. e5 Ng4 16. Bxb7 Bf2+ 17. Kf1 Qxb7 18. Ne4 Ba7 19. Nd4 Bxd4 20. Qxd4 Rac8
21. h3 Rc4 22. Qd3 Rxe4 23. hxg4 Rxf4+ 24. Kg1 Qb6+ 25. Kg2 Qf2+ 26. Kh3 Rf3
27. Qxf3 Qxf3 28. Rhe1 Rc8 29. Rf1 Qe3 30. Rf4 Rxc2 31. Raf1 Qe2 32. g5 Qh5+
33. Rh4 Qxg5 34. a4 Qxe5 35. axb5 Qxb5 36. Rff4 Qe2 37. Rb4 Qf1+ 0-1

[Event "HEM"]
[Site "?"]
[Date "1995.??.??"]
[Round "?.7"]
[White "Nogly, C."]
[Black "Zieher, H."]
[Result "1-0"]
[WhiteElo "2230"]
[BlackElo "2230"]
[PlyCount "69"]
[EventDate "1995.??.??"]

1. d4 d5 2. c4 dxc4 3. e3 Nf6 4. Bxc4 e6 5. Nf3 a6 6. Qe2 c5 7. dxc5 Bxc5 8.
O-O b5 9. Bd3 Nbd7 10. a4 b4 11. Nbd2 Bb7 12. Nb3 Be7 13. Rd1 O-O 14. e4 Ng4
15. Bf4 Nc5 16. Bc2 Qb6 17. Ng5 Nxb3 18. Bxb3 Nf6 19. a5 Qa7 20. Rac1 Rac8 21.
Rxc8 Rxc8 22. Nxe6 Bxe4 23. Ng5 Bg6 24. Be3 Qb7 25. Bb6 h6 26. Nf3 Re8 27. Ba4
Rc8 28. Ne5 Be4 29. Bb3 Bd5 30. Bxd5 Nxd5 31. Qf3 Bf6 32. Ng4 Bxb2 33. Ne3 Rc3
34. Bd4 Qe7 35. Nxd5 1-0

[Event "HEM"]
[Site "?"]
[Date "1995.??.??"]
[Round "?.7"]
[White "Beyer, H.J."]
[Black "Hochgraefe, M."]
[Result "0-1"]
[WhiteElo "2185"]
[BlackElo "2290"]
[PlyCount "112"]
[EventDate "1995.??.??"]

1. d4 Nf6 2. e3 d5 3. Bd3 c5 4. c3 cxd4 5. exd4 Nc6 6. f4 Bg4 7. Nf3 e6 8. O-O
Rb8 9. Qe2 Be7 10. Nbd2 O-O 11. h3 Bf5 12. Ne5 Bxd3 13. Qxd3 Qc7 14. g4 b5 15.
a3 a5 16. g5 Ne8 17. Ndf3 Nd6 18. h4 Nf5 19. Nxc6 Qxc6 20. Ne5 Qc7 21. Qh3 Bd6
22. Rf2 b4 23. axb4 axb4 24. h5 bxc3 25. bxc3 Rb3 26. Rf3 Rfb8 27. g6 fxg6 28.
hxg6 h6 29. Ra6 R3b6 30. Rxb6 Rxb6 31. Bd2 Rb2 32. Rf2 Qe7 33. Be1 Rxf2 34.
Bxf2 Bxe5 35. dxe5 Qa3 36. Kg2 Qc1 37. Qf3 Qc2 38. Kh3 Ne7 39. Bh4 Nxg6 40. Bd8
Qf5+ 41. Kg3 Qf8 42. Qg4 Qf5 43. Qxf5 exf5 44. Bb6 Kf7 45. Be3 Ke6 46. Bc1 Kd7
47. Ba3 Ke8 48. Kf3 Nf8 49. Bc1 Kd7 50. Be3 Kc6 51. Ke2 Ne6 52. Kd3 Kb5 53. Bd2
h5 54. Ke3 Kc4 55. Be1 g6 56. Kf3 Kd3 0-1

[Event "HEM"]
[Site "?"]
[Date "1995.??.??"]
[Round "?.7"]
[White "Wendt, J."]
[Black "Schulz, H.J."]
[Result "1-0"]
[WhiteElo "2230"]
[BlackElo "2245"]
[PlyCount "67"]
[EventDate "1995.??.??"]

1. Nf3 d5 2. g3 Nc6 3. Bg2 e5 4. d3 Be7 5. O-O h5 6. h4 Bg4 7. Nbd2 Qd7 8. c4
d4 9. a3 Bh3 10. b4 Bxg2 11. Kxg2 f6 12. Ne4 b6 13. e3 dxe3 14. Bxe3 f5 15. Nc3
Bf6 16. b5 Nce7 17. d4 e4 18. Ne5 Qe6 19. f4 Bxe5 20. fxe5 Qxc4 21. Rc1 O-O-O
22. d5 Nh6 23. Bxh6 gxh6 24. d6 c5 25. bxc6 Rhg8 26. d7+ Kb8 27. Qd6+ Ka8 28.
c7 Rxd7 29. Qxd7 f4 30. Rxf4 Qb3 31. Qd8+ Kb7 32. c8=Q+ Nxc8 33. Qd5+ Qxd5 34.
Nxd5 1-0